000 00462nam a2200181Ia 4500
001 15783
005 20260306170221.0
008 260306t2015||||xx |||||||||||||| ||und||
041 _aESP
082 _a620.0046
_bT72
100 _aTorres, Leandro Daniel
_eAUT
245 0 _aGestión integral de activos físicos y mantenimiento
260 _c2015
300 _axiii, 498 páginas :
_c23 cm.
650 _aGEN
654 _aCII
942 _cLIB
_dJUS
_fJUS
_2ddc
_n
999 _c15783
_d15783